00386 2200145 4500001002100000008004100021035002000062245002800082100001900110260002800129300002000157082001800177650003200195990001300227INLIS000000000000616 ind  a0010-0322000616 aLEGENDA TIMUN MAScIKHA aGIBRAN MAULANA aSURABAYAbCAHAYA AGENCY a24 hlm.c19 cm. a398.395 982 6 aCERITA RAKYAT - JAWA TENGAH a102821-1